000 00462nam a22001577a 4500
999 _c9191
_d9191
008 210326b ||||| |||| 00| 0 eng d
040 _aBMS College of Architecture
100 _aM, Annam
245 _aCountry club at thalli Hosur
300 _a53p.
500 _a1BM03AT002
502 _8B.Arch
_NBMS College of Architecture, Visvesvaraya Technological University
_aProject report
_d2007
650 _aHosur
700 _aSatish Rao
_eGuide
942 _2ddc
_cTHE